| 000 | 00403nam a2200145Ia 4500 | ||
|---|---|---|---|
| 008 | 221007s9999 xx 000 0 und d | ||
| 041 | _aeng | ||
| 082 | _bPAT | ||
| 100 |
_aPatil Tanvi P - 2K111114 & Prof Santosh Kshirsager - Guide _9101906 |
||
| 245 | 2 | _aA Study on Employee Motivation | |
| 260 |
_c2013 _bPune University _aKolhapur |
||
| 300 | _a74p | ||
| 520 | _aJavadekar Manasi | ||
| 906 | _bGeneral | ||
| 999 |
_c69061 _d69061 |
||